1644 1297 1430 1724 1178 1770 1477 1779 1006 1981 1014 1358 1203 1769 1550 1992 1515 1553 1113 1317 1062 1484 1542 1457 1360 1844 1016 1540 1315 1202 1470 1059 1482 1931 1890 1888 1336 1490 1635 1427 1384 1370 1473 1620 1218 1653 1015 1675 1325 1093 1854 1166 1352 1068 1604 1982 1766 1389 1261 1025 1831 1168 1392 1344 1448 1932 1419 1492 1755 1758 1054 1346 1091 1058 1744 1832 1763 1421 1843 1872 1203 1592 1903 1393 1644 1014 1892 1518 1095 1335 1660 1414 1167 1578 1601 1299 1254 1426 1975 BCNSPRNW ULIB Ver.6.0+V

เปลี่ยนเป็นภาษาไทย

Change to English
 แสดงรายละเอียดบรรณานุกรม
  กลับหน้าหลัก

Brief Record : Get Marc (ISO 2709) : E-mail record : QR code < ปิดหน้าต่าง
LEADER : 00000nam 2200000uu 4500
001    13399111169
003     ULIB
008    110619s2548||||th 000 0 tha d
060  0 WY18.2^bว587ด 2548
110 1  วิทยาลัยเครือข่ายภาคกลาง^bโครงการพัฒนาทักษะวิชาชีพ
245 00 สาระทบทวน วิชา การพยาบาลเด็ก/^cหัวหน้าโครงการ ละเอียด แจ่มจันทร์
250    พิมพ์ครั้งที่ 1
260    กรุงเทพฯ:^bวิทยาลัยเครือข่ายภาคกลาง,^c2548
300    119 หน้า
650  7 การพยาบาลเด็ก^xคำถามและคำตอบ
945    ^p0^l0^i13712
945    ^p0^l0^i13713
995     เกษร
999    ^aใช้งานได้ทุกระบบ
รายการนี้ยังไม่มีแท็ก
คุณยังไม่ได้ล็อกอิน คุณสามารถมีกิจกรรมร่วมกับเว็บไซต์ได้ แต่ต้องล็อกอินก่อน ::
  ล็อกอิน

รายการสื่อสารสนเทศ

ลำดับที่ ประเภท เลขเรียก/บาร์โค้ด สถานที่ สถานะ
- ไม่พบข้อมูล -

BibComment


ยังไม่เคยถูกคอมเมนท์

คอมเมนท์ทรัพยากรรายการนี้
  คอมเมนท์: สาระทบทวน วิชา กา..


 Copyright 2026. Bcnsprnw @Library